000 00954nam a2200265 i 4500
003 DO-SdBNP
005 20230719150621.0
006 a||||gr|||| 00| 0
007 ta
008 230719e1980 dr a|||| |||| 00| 0 spa d
040 _aDO-SdBNP
_bspa
_cBNPHU
_erda
082 4 _222
_bC741m
245 0 0 _aProyecto de educación en población:
_b"la comunidad, mi gran hogar". /
264 1 _aSanto Domingo :
_bSecretaría de Educación,
_bUnesco,
_c1980
300 _a23 páginas :
_bIlustraciones ;
_c27 cm
336 _2rdacontent
_atexto
_btxt
337 _2rdamedia
_asin medición
_bn
338 _2rdacarrier
_avolumen
_bnc
500 _aTercer curso de educación primaria . Unidad de ciencias naturales.
500 _aIncluye glosario página 23
590 _aInventariado 2023 / MF
710 2 _aOficina de Educación Iberoamericana, UNESCO.
_945456
710 2 _a Secretaría de Estado de Educación. República Dominicana.
_9607
942 _2ddc
_cLF2
999 _c54210
_d54210